| 000 | 00803nam a2200253 a 4500 | ||
|---|---|---|---|
| 001 | 7112 | ||
| 003 | BD-RjUL | ||
| 005 | 20211208234351.0 | ||
| 008 | 130114s1962 ii a b 001 0 eng d | ||
| 035 | _a(BD-RjUL)7154 | ||
| 040 |
_aDLC _cDLC _dDLC _dBD-RjUL _beng |
||
| 041 | _aeng | ||
| 082 | 0 | 0 |
_a370.973 _bCRI 1962 |
| 100 | 1 |
_aCrow, Lester D. _q(Lester Donald), _d1897-1983. _922272 |
|
| 245 | 1 | 0 |
_aIntroduction to education : _bfundamental principles and modern practices / _cLester D. Crow, Alice Crow |
| 250 | _aNew rev. ed. | ||
| 260 |
_aNew Delhi ; _bEurasia Pub. House, _c1962 |
||
| 300 |
_aix, 566 p. : _bill. ; _c21 cm. |
||
| 504 | _aBibliography: p. 291-294. | ||
| 650 | 0 |
_aEducation _zUnited States. _922274 |
|
| 700 |
_aCrow, Alice _9149371 |
||
| 942 |
_2ddc _cBK |
||
| 999 |
_c7112 _d7112 |
||